| 000 | 00429nam a2200181Ia 4500 | ||
|---|---|---|---|
| 999 |
_c43552 _d43552 |
||
| 003 | 0100 | ||
| 005 | 20190718144100.0 | ||
| 008 | 130303s9999 xx 000 0 und d | ||
| 040 | _cARRUPELIB | ||
| 050 | _aHM51.R87 1963 | ||
| 245 | _aVarieties of Classic social theory | ||
| 260 |
_aNew York _bDutton _c1963 |
||
| 300 | _a463p. | ||
| 300 | _b 22 cm | ||
| 440 |
_aA Dutton paperback _947303 |
||
| 650 |
_aSociology _947304 |
||
| 700 |
_aRuitenbeek, Hendrik M. (ed) _947305 |
||
| 942 |
_2lcc _cMONOGRAPH |
||